000 00443nam a2200181Ia 4500
005 20250423101529.0
008 250422s9999 xx 000 0 und d
020 _a0-07-011355-6
050 _aTK 146 .C226/
100 _aCathey, Jimmie J.
245 0 _aThoery and problems of basic electrical engineering
260 _aNew Delhi
260 _bMcGraw Hill
260 _c1984
300 _a616 p
650 _aEngineering
942 _cBK
999 _c36558
_d36558